...

NIRU LIBRARY

Understanding terrorism : (Record no. 171)

MARC details
000 -LEADER
fixed length control field 00951cam a2200301 i 4500
001 - CONTROL NUMBER
control field 18395058
003 - CONTROL NUMBER IDENTIFIER
control field OSt
005 - DATE AND TIME OF LATEST TRANSACTION
control field 20230623063431.0
008 - FIXED-LENGTH DATA ELEMENTS--GENERAL INFORMATION
fixed length control field 141204s2016 cauab b 001 0 eng
010 ## - LIBRARY OF CONGRESS CONTROL NUMBER
LC control number 2014046137
020 ## - INTERNATIONAL STANDARD BOOK NUMBER
International Standard Book Number 9781483378985 (pbk. : alk. paper)
040 ## - CATALOGING SOURCE
Original cataloging agency DLC
Language of cataloging eng
Transcribing agency NIRUC
Description conventions rda
Modifying agency DLC
042 ## - AUTHENTICATION CODE
Authentication code pcc
050 00 - LIBRARY OF CONGRESS CALL NUMBER
Classification number HV6431
Item number .M367 2016
082 00 - DEWEY DECIMAL CLASSIFICATION NUMBER
Classification number 363.325
Edition number 23
100 1# - MAIN ENTRY--PERSONAL NAME
Personal name Martin, Gus.
245 10 - TITLE STATEMENT
Title Understanding terrorism :
Remainder of title challenges, perspectives, and issues /
Statement of responsibility, etc. Gus Martin, California State University, Dominguez Hills.
250 ## - EDITION STATEMENT
Edition statement 5th edition.
264 #1 - PRODUCTION, PUBLICATION, DISTRIBUTION, MANUFACTURE, AND COPYRIGHT NOTICE
Place of production, publication, distribution, manufacture Los Angeles, London :
Name of producer, publisher, distributor, manufacturer SAGE,
Date of production, publication, distribution, manufacture, or copyright notice [2016]
300 ## - PHYSICAL DESCRIPTION
Extent xxiii, 465p. :
Other physical details ill. ;
Dimensions 26cm.
336 ## - CONTENT TYPE
Content type term text
Source rdacontent
337 ## - MEDIA TYPE
Media type term unmediated
Source rdamedia
338 ## - CARRIER TYPE
Carrier type term volume
Source rdacarrier
504 ## - BIBLIOGRAPHY, ETC. NOTE
Bibliography, etc. note Includes bibliographical references and index.
650 #0 - SUBJECT ADDED ENTRY--TOPICAL TERM
Topical term or geographic name entry element Terrorism.
906 ## - LOCAL DATA ELEMENT F, LDF (RLIN)
a 7
b cbc
c orignew
d 1
e ecip
f 20
g y-gencatlg
942 ## - ADDED ENTRY ELEMENTS (KOHA)
Source of classification or shelving scheme Library of Congress Classification
Koha item type Books
Suppress in OPAC No
Holdings
Withdrawn status Lost status Source of classification or shelving scheme Damaged status Not for loan Collection Home library Current library Shelving location Date acquired Total checkouts Full call number Barcode Date last seen Price effective from Koha item type
    Library of Congress Classification     Non-fiction NIRU LIBRARY NIRU LIBRARY On display 06/23/2023   HV6431.M37 2016 2023-0364 06/23/2023 06/23/2023 Books
Copyright © 2025&6. National Intelligence and Research University. All Rights Reserved.